000 00445nam a2200181Ia 4500
001 8311
005 20260306160600.0
008 260306t2012||||xx |||||||||||||| ||spa||
041 _aESP
082 _a370.153
_bM86
100 _aMoreno, Kena
_eAUT
245 0 _aHabilidades para la vida:
_bguía para educar con valores
260 _c2012
300 _a152 páginas :
_c23 cm.
650 _aGEN
654 _aCED
942 _cLIB
_dJUS
_fJUS
_2ddc
_n
999 _c8311
_d8311